| 000 | 01014cam a22003257a 4500 | ||
|---|---|---|---|
| 003 | CHAP | ||
| 005 | 20220329135129.0 | ||
| 008 | 971013s1944 r 00010 d | ||
| 010 | _a31421 | ||
| 011 | _a32393 | ||
| 035 | _a36508 | ||
| 040 | _cCHAP | ||
| 082 |
_a581.634 _bM37 |
||
| 100 | 0 | 0 |
_aMartínez, Maximino. _972693 |
| 245 | 1 | 4 | _aLas plantas medicinales de México |
| 250 | _a3 ed. | ||
| 260 |
_aMéxico, D.F. : _bBotas, _c1944 |
||
| 300 |
_a630 p. _b: ilus |
||
| 590 |
_aBATCH-UPD _b10 _c20130110 _lUCH01 _h1041 |
||
| 590 |
_aBATCH-UPD _b10 _c20130410 _lUCH01 _h0641 |
||
| 590 |
_aBATCH-UPD _b10 _c20130914 _lUCH01 _h0730 |
||
| 590 |
_aCONVERSION _b10 _c20130109 _lUCH01 _h1318 |
||
| 650 | 1 | 4 |
_aBotánica médica. _914680 |
| 650 | 1 | 4 |
_aBotánica _zMéxico. _914641 |
| 700 | 0 |
_aHernández, Francisco. _954774 |
|
| 901 | _aBK | ||
| 942 | _cLIBRO | ||
| 949 |
_a581.634 M37 1944 _bBC _cESP _d33724002118207 _eESP _fc.2 _h111589 _i36508 _sb |
||
| 949 |
_a581.634 M37 _bBC _cLIBRO _d33724000584090 _eLIBRO _h26789 _i36508 _si |
||
| 999 |
_c31421 _d31421 |
||